Tame Impala Lyrics - ’Cause I’m A Man - Statistics

General Stats
  • This quiz has been taken 8 times
  • The average score is 194 of 249
Answer Stats
Lyrics % Correct
a
100%
A
100%
'Cause
100%
do
100%
I
100%
I'm
100%
man,
100%
no
100%
on
100%
only
100%
woman
100%
you
100%
You
100%
all
86%
always
86%
as
86%
be
86%
Don't
86%
don't
86%
f***
86%
for
86%
have
86%
human,
86%
human
86%
I'll
86%
in
86%
In
86%
It
86%
it
86%
Like
86%
Not
86%
not
86%
the
86%
think
86%
to
86%
what
86%
answer
71%
ask
71%
before
71%
But
71%
can
71%
choose
71%
cry
71%
got
71%
if
71%
Lost
71%
me,
71%
me
71%
mind
71%
more
71%
my
71%
My
71%
never
71%
speak
71%
that
71%
time
71%
up
71%
why
71%
(Why?)
71%
again,
57%
ain't
57%
am
57%
and
57%
brutal
57%
buys
57%
control
57%
dawns
57%
desperation,
57%
done?
57%
Each
57%
force
57%
good
57%
greater
57%
hold
57%
Is
57%
is
57%
know
57%
let
57%
little
57%
make
57%
moment
57%
of
57%
often
57%
Once
57%
pathetic
57%
prone
57%
proud
57%
reason
57%
right?
57%
second
57%
sun
57%
takes
57%
tell
57%
voice
57%
wanna
57%
accept
43%
aware,
43%
conscience
43%
defeat
43%
fooled
43%
it's
43%
It's
43%
makes
43%
morning
43%
overruled
43%
Saying
43%
saying
43%
see,
43%
slide
43%
sorry
43%
That's
43%
(Uh)
43%
pride
29%
source
29%
strong
29%
weakness
29%
oftern
0%
No matching quizzes found
Score Distribution
Percent of People with Each Score
Percentile by Number Answered
Your Score History
You have not taken this quiz